000 00800nam a22001937a 4500
999 _c61907
_d61907
003 Ge_BSU
005 20240619104546.0
008 240606s1955 ge ||||| |||| 00| 0 geo d
041 _ageo
080 _a615.361 მ-29
100 _aმარგიანი, ოთარ
_922348
245 _aორგანოთერაპია :
_bორგანოპრეპარატები და მათი გამოყენება /
_c ოთარ მარგიანი.
264 _aთბ. :
_bსაქმედგამი,
_c1955.
300 _a42 გვ. ;
_b 20 სმ.
653 _aექიმის ბიბლიოთეკა
653 _aორგანოთერაპია.
653 _aორგანოპრეპარატები.
942 _2udc
_cBK